000 00723nam a2200217 a 4500
005 20240815063652.0
008 010504s1992 mx r 000 0 spa d
020 _a9681637232
035 _aUPN01000106032
049 _aCG
050 4 _aHB144
_bS5.38
100 1 _aShubik, Martin
245 1 0 _aEconomía política :
_bun enfoque desde el punto de vista de la teoría del juego /
_cMartin Shubik ; tr. de Roberto Ramón Reyes Mazzoni.
260 _aMéxico :
_bFCE,
_c1992.
300 _a692 p.
440 0 _aTextos de economía
534 _pTraducción de:
_tA game-theoretic approach to political economy
650 4 _aJuego, teoría del
_96718
650 4 _aECONOMIA -
_vMODELOS MATEMATICOS
_96738
905 _aLibro
999 _c79945
_d79945